000 00497pab a2200181 454500
008 180718b2011 xxu||||| |||| 00| 0 eng d
100 _aRoy, Archana
245 _aWorld habitat day 2010: Seminar report municipal governance, urban infrastructure and civic services
260 _c2011
300 _ap.154-157.
362 _aJan-Jun
650 _aBasic urban services
650 _aUrban development
700 _aShangloo, Nalini
773 _aUrban India
908 _aN
909 _a99660
999 _c99659
_d99659